<?xml version="1.0" encoding="UTF-8"?>
<record
    xmlns:xsi="http://www.w3.org/2001/XMLSchema-instance"
    xsi:schemaLocation="http://www.loc.gov/MARC21/slim http://www.loc.gov/standards/marcxml/schema/MARC21slim.xsd"
    xmlns="http://www.loc.gov/MARC21/slim">

  <leader>01605nam a2200301   4500</leader>
  <controlfield tag="001">113462</controlfield>
  <controlfield tag="003">DR-UNIBE</controlfield>
  <controlfield tag="005">20250428133700.0</controlfield>
  <controlfield tag="008">250421b2024    dr ||||| |||| 00| 0 spa d</controlfield>
  <datafield tag="020" ind1=" " ind2=" ">
    <subfield code="a">9789945251074</subfield>
  </datafield>
  <datafield tag="040" ind1=" " ind2=" ">
    <subfield code="a">BIBLIOTECA UNIBE</subfield>
    <subfield code="b">spa</subfield>
    <subfield code="c">BIBLIOTECA UNIBE</subfield>
    <subfield code="e">rda</subfield>
  </datafield>
  <datafield tag="041" ind1=" " ind2=" ">
    <subfield code="a">spa</subfield>
  </datafield>
  <datafield tag="082" ind1=" " ind2=" ">
    <subfield code="2">22</subfield>
    <subfield code="a"> RD 866.3 G277c </subfield>
  </datafield>
  <datafield tag="100" ind1="1" ind2="0">
    <subfield code="a">Gautier, Manuel Mar&#xED;a</subfield>
    <subfield code="d">1830-1897</subfield>
    <subfield code="9">194412</subfield>
    <subfield code="e">autor</subfield>
  </datafield>
  <datafield tag="245" ind1="1" ind2="0">
    <subfield code="a">Correspondencia pol&#xED;tica de Manuel Mar&#xED;a Gautier en el exilio /</subfield>
    <subfield code="c">Manuel Mar&#xED;a Gautier ; investigaci&#xF3;n, transcripci&#xF3;n y cuidado de edici&#xF3;n: Andr&#xE9;s Blanco D&#xED;az ;  diagramaci&#xF3;n y dise&#xF1;o de portada: Editorial Santuario; digitaci&#xF3;n: Pedro Blanco D&#xED;az</subfield>
  </datafield>
  <datafield tag="250" ind1=" " ind2=" ">
    <subfield code="a">Primera edici&#xF3;n</subfield>
  </datafield>
  <datafield tag="260" ind1=" " ind2=" ">
    <subfield code="a">Santo Domingo : </subfield>
    <subfield code="b">Archivo General de la Naci&#xF3;n (AGN),</subfield>
    <subfield code="c"> 2024</subfield>
  </datafield>
  <datafield tag="300" ind1=" " ind2=" ">
    <subfield code="a"> 264 p&#xE1;ginas :</subfield>
    <subfield code="b">fotos b/n ;</subfield>
    <subfield code="c">22 x 15 cm</subfield>
  </datafield>
  <datafield tag="490" ind1=" " ind2=" ">
    <subfield code="a"> Archivo General de la Naci&#xF3;n ; </subfield>
    <subfield code="v">512</subfield>
  </datafield>
  <datafield tag="500" ind1=" " ind2=" ">
    <subfield code="a">Informaci&#xF3;n sobre el autor en las solapas. Portada: fotograf&#xED;a de Manuel Mar&#xED;a Gautier publicada en el libro "Siluetas" de Miguel &#xC1;ngel Garrido, colecci&#xF3;n de Jos&#xE9; Gabriel Garc&#xED;a</subfield>
  </datafield>
  <datafield tag="600" ind1=" " ind2="7">
    <subfield code="2">lemb</subfield>
    <subfield code="a">Gautier, Manuel Mar&#xED;a, 1830-1897 </subfield>
    <subfield code="t">Correspondencia </subfield>
    <subfield code="9">194413</subfield>
  </datafield>
  <datafield tag="600" ind1=" " ind2="7">
    <subfield code="2">lemb</subfield>
    <subfield code="a">Gautier, Manuel Mar&#xED;a,  1830-1897 </subfield>
    <subfield code="x">Exilio</subfield>
    <subfield code="x">Cartas</subfield>
    <subfield code="9">194414</subfield>
  </datafield>
  <datafield tag="650" ind1=" " ind2="7">
    <subfield code="2">lemb</subfield>
    <subfield code="a">Correspondencia pol&#xED;tica </subfield>
    <subfield code="x"> Exilio</subfield>
    <subfield code="y">Siglo XIX</subfield>
    <subfield code="z">Republica Dominicana</subfield>
    <subfield code="9">194618</subfield>
  </datafield>
  <datafield tag="700" ind1="1" ind2="0">
    <subfield code="a">Blanco D&#xED;az, Andr&#xE9;s,</subfield>
    <subfield code="d">1954-</subfield>
    <subfield code="9">144547</subfield>
    <subfield code="e">investigador</subfield>
    <subfield code="e">transcriptor</subfield>
    <subfield code="e">editor</subfield>
  </datafield>
  <datafield tag="700" ind1="1" ind2="0">
    <subfield code="a"> Blanco D&#xED;az, Pedro </subfield>
    <subfield code="9">194408</subfield>
    <subfield code="e">digitador</subfield>
  </datafield>
  <datafield tag="710" ind1="1" ind2="0">
    <subfield code="a">Editorial Santuario</subfield>
    <subfield code="9">165984</subfield>
    <subfield code="e">diagramador</subfield>
    <subfield code="e">dise&#xF1;ador de portada</subfield>
  </datafield>
  <datafield tag="942" ind1=" " ind2=" ">
    <subfield code="2">ddc</subfield>
    <subfield code="c">BK</subfield>
  </datafield>
  <datafield tag="999" ind1=" " ind2=" ">
    <subfield code="c">113462</subfield>
    <subfield code="d">113462</subfield>
  </datafield>
  <datafield tag="952" ind1=" " ind2=" ">
    <subfield code="0">0</subfield>
    <subfield code="1">0</subfield>
    <subfield code="2">ddc</subfield>
    <subfield code="7">0</subfield>
    <subfield code="8">GEN-RD</subfield>
    <subfield code="a">Principal</subfield>
    <subfield code="d">2025-04-28</subfield>
    <subfield code="l">0</subfield>
    <subfield code="o"> RD 866.3 G277c </subfield>
    <subfield code="p">250444</subfield>
    <subfield code="r">2025-04-21 13:34:36</subfield>
    <subfield code="t">Ej. 1</subfield>
    <subfield code="w">2025-04-21</subfield>
    <subfield code="y">BK</subfield>
  </datafield>
  <datafield tag="952" ind1=" " ind2=" ">
    <subfield code="0">0</subfield>
    <subfield code="1">0</subfield>
    <subfield code="2">ddc</subfield>
    <subfield code="7">0</subfield>
    <subfield code="8">GEN-RD</subfield>
    <subfield code="a">Principal</subfield>
    <subfield code="d">2025-04-28</subfield>
    <subfield code="l">0</subfield>
    <subfield code="o"> RD 866.3 G277c </subfield>
    <subfield code="p">250445</subfield>
    <subfield code="r">2025-04-21 13:35:07</subfield>
    <subfield code="t">Ej. 2</subfield>
    <subfield code="w">2025-04-21</subfield>
    <subfield code="y">BK</subfield>
  </datafield>
</record>
